000
00317nam a2200133Ia 4500
005
20251222141852.0
008
251222s9999||||xx |||||||||||||| ||spa||
020
_a
84-7053-158-1
082
_a
869.569/L26C
100
_a
Larrea, Victor
245
0
_a
César Vallejo y el Surrealismo
264
_b
Visor
942
_c
LIB
999
_c
7764
_d
7764